000 00546nam a2200169Ia 4500
003 GCL
008 140319s9999 xx 000 0 ara d
040 _aGCL /
_cGCL
082 0 4 _a814.02
_bع ش
100 1 _aمحمد ابوالفضل ابراهيم
245 1 0 _aشرح مقامات الحريرى /
_cمحمد ابوالفضل ابراهيم
700 1 _aابوالعباس احمد بن عبد المؤمن
490 _a100 قصة
_v0
650 0 4 _aالادب العربى
650 0 4 _aالمقامات العربية
942 _2ddc
_cBK
999 _c43503
_d43503